Sustainable energy in Ghana: issues in the assessment of potential economic viability (Record no. 334)
[ view plain ]
| 000 -LEADER | |
|---|---|
| fixed length control field | 00512nam a2200169Ia 4500 |
| 008 - FIXED-LENGTH DATA ELEMENTS--GENERAL INFORMATION | |
| fixed length control field | 240428s9999||||xx |||||||||||||| ||und|| |
| 020 ## - INTERNATIONAL STANDARD BOOK NUMBER | |
| International Standard Book Number | 9783659720659 |
| 041 ## - LANGUAGE CODE | |
| Language code of text/sound track or separate title | eng |
| 082 ## - DEWEY DECIMAL CLASSIFICATION NUMBER | |
| Classification number | 333.7916Y |
| 100 ## - MAIN ENTRY--PERSONAL NAME | |
| Personal name | Yankey, Isaac Kwasi |
| 245 #0 - TITLE STATEMENT | |
| Title | Sustainable energy in Ghana: issues in the assessment of potential economic viability |
| 260 ## - PUBLICATION, DISTRIBUTION, ETC. | |
| Name of publisher, distributor, etc. | Lambert Academic Pub. |
| Place of publication, distribution, etc. | Deutschland |
| Date of publication, distribution, etc. | 2016 |
| 300 ## - PHYSICAL DESCRIPTION | |
| Extent | viii, 71p.;diags.,graphs, maps, tabs., |
| 650 ## - SUBJECT ADDED ENTRY--TOPICAL TERM | |
| Topical term or geographic name entry element | Sustainable Energy - Ghana |
| 942 ## - ADDED ENTRY ELEMENTS (KOHA) | |
| Koha item type | Books |
| Withdrawn status | Lost status | Damaged status | Not for loan | Home library | Current library | Shelving location | Date acquired | Total checkouts | Full call number | Date last seen | Copy number | Price effective from | Koha item type |
|---|---|---|---|---|---|---|---|---|---|---|---|---|---|
| Main Library | Main Library | Open Shelves | 14/09/2021 | 1320 333.7916 C1 - 1321 333.7916Y C2 | 29/04/2024 | 1 | 29/04/2024 | Books | |||||
| Main Library | Main Library | Open Shelves | 07/02/2022 | 333.794Y 1321 C1 - 333.794Y 1320 C2 | 29/04/2024 | 1 | 29/04/2024 | Books |